| 000 | 00841nam a2200289 a 4500 | ||
|---|---|---|---|
| 999 |
_c780 _d780 |
||
| 005 | 20200507155241.0 | ||
| 008 | 140221b1996 -Us||||| |||| 00| 0 eng d | ||
| 020 | _a0226776301 | ||
| 040 |
_aCO-BoIAVH _cCO-BoIAVH |
||
| 041 | _aeng | ||
| 044 | _axxu | ||
| 082 | _a598 | ||
| 090 |
_aLB _b00766 |
||
| 100 |
_aStotz, Douglas F. _99150 |
||
| 245 |
_aNeotropical birds _becology and conservation _c Douglas F. Stotz y otros |
||
| 260 |
_aChicago _bUniversity of Chicago Press _c1996 |
||
| 300 | _a478 p. | ||
| 650 |
_aAves _9102822 |
||
| 650 |
_aAvifauna _9102823 |
||
| 650 |
_aOrnitología _9102824 |
||
| 650 |
_aEcología _9102825 |
||
| 650 |
_aConservación de biodiversidad _9102826 |
||
| 700 |
_aFitzpatrick, John W. _922716 |
||
| 700 |
_aParker III, Theodore A. _997282 |
||
| 700 |
_aMoskovits, Debra K. _973207 |
||
| 942 |
_cLIBRO _2ddc |
||